000 00321nam a22001337a 4500
999 _c13669
_d13669
020 _a9780073513607
082 _a428.2
100 _aJohn Langan ; Janet M. Goldstein
245 _aEnglish Brushup
250 _aSixth Edition
260 _aNew York
_bMcGraw Hill Education
_c2015
300 _avi, 265 pages
942 _cBK